¿Estamos aplicando bien la ley 14.786? / (Registro nro. 6004)
[ vista simple ]
| 000 -LEADER | |
|---|---|
| fixed length control field | 01207nab a22002417a 4500 |
| 003 - CONTROL NUMBER IDENTIFIER | |
| control field | OSt |
| 005 - DATE AND TIME OF LATEST TRANSACTION | |
| control field | 20260115224822.0 |
| 008 - FIXED-LENGTH DATA ELEMENTS--GENERAL INFORMATION | |
| fixed length control field | 190605e xxu||||| |||| 00| 0 spa d |
| 040 ## - CATALOGING SOURCE | |
| Transcribing agency | PJ |
| 100 ## - MAIN ENTRY--PERSONAL NAME | |
| 9 (RLIN) | 5137 |
| Personal name | Gambacorta, Mario L. |
| 245 10 - TITLE STATEMENT | |
| Title | ¿Estamos aplicando bien la ley 14.786? / |
| Statement of responsibility, etc | Mario L. Gambacorta, Álvaro Daniel Ruiz. |
| 260 ## - PUBLICATION, DISTRIBUTION, ETC. (IMPRINT) | |
| Place of publication, distribution, etc | Ciudad Autónoma de Buenos Aires : |
| Name of publisher, distributor, etc | Thomson Reuters La Ley, |
| Date of publication, distribution, etc | 2025. |
| 300 ## - PHYSICAL DESCRIPTION | |
| Extent | p. 22-25 |
| 500 ## - GENERAL NOTE | |
| General note | Cita Online: Cita: TR LALEY AR/DOC/858/2025. |
| 505 ## - FORMATTED CONTENTS NOTE | |
| Formatted contents note | Sumario: I. Una breve introducción a la temática que nos ocupa en este trabajo.— II. ¿Procedimiento obligatorio o conciliación obligatoria?— III. El procedimiento obligatorio de conciliación.— IV. La conciliación obligatoria.— V. Concluyendo. <br/> |
| 505 ## - FORMATTED CONTENTS NOTE | |
| Title | ¿Te interesa el texto completo? Solicitalo al correo: koha@justierradelfuego.gov.ar<br/> |
| 650 #0 - SUBJECT ADDED ENTRY--TOPICAL TERM | |
| 9 (RLIN) | 1316 |
| Topical term or geographic name as entry element | DERECHO LABORAL |
| 650 #0 - SUBJECT ADDED ENTRY--TOPICAL TERM | |
| 9 (RLIN) | 4564 |
| Topical term or geographic name as entry element | DERECHO DE HUELGA |
| 650 #0 - SUBJECT ADDED ENTRY--TOPICAL TERM | |
| 9 (RLIN) | 1329 |
| Topical term or geographic name as entry element | CONCILIACION OBLIGATORIA |
| 700 ## - ADDED ENTRY--PERSONAL NAME | |
| 9 (RLIN) | 6817 |
| Personal name | Ruiz, Álvaro Daniel |
| 773 0# - HOST ITEM ENTRY | |
| Host Biblionumber | 2711 |
| Host Itemnumber | 3168 |
| Place, publisher, and date of publication | Ciudad Autónoma de Buenos Aires : Thomson Reuters La Ley, 1999-2002. |
| Title | Revista de derecho del trabajo. Nº 3 - Mayo 2025 |
| 942 ## - ADDED ENTRY ELEMENTS (KOHA) | |
| Source of classification or shelving scheme | |
| Koha item type | Analítica Artículo de Revista |
No hay ítems disponibles.
